000 01191nam a2200301 c 4500
003 BLK
005 20240305164341.0
008 180411b bul|||||r ||||||| ||bul||
010 _aKNG00217147000
040 _aBLK
041 _aBUL
_cBUL
080 _aБългарска литература
_b821.163.2
_x-7
_z821.163.2-7
100 _aКунев, Трифон
_qБояджиев, Трифон Кунев
_eпърви автор
_9385126
700 1 _aСимеонов, Генчо
_eхудож.
_9376995
700 1 _aПопов, Йордан
_eс послесл. от
_9364440
139 _aКунев, Трифон
_bК 93
245 1 0 _aСитни дребни като камилчета
_bФейлетони
_cТрифон Кунев; худож. Генчо Симеонов; с послесл. от Йордан Попов.
257 _aBGR
260 София
_bСтършел
_c1992
300 _a142 с.
_bс ил.
_c17 см
380 _aX
852 _aЦб І 26033
856 4 _qpdf
_u
856 4 _qpdf
_u
942 _cKNG
_n0
_01
944 _aCR
_c12.03.2018
_k30550
_lКети Илиева
944 _aED
_c12.03.2018
_kХристина_Везирева
999 _c207385
_d207385